| Tag |
First Indicator |
Second Indicator |
Subfields |
| LEADER |
00000cam a2200000 a 4500 |
| 001 |
in00000075751 |
| 005 |
20151008054840.0 |
| 008 |
790420s1979 njua b 00010 engm |
| 010 |
|
|
|a 79105452
|
| 020 |
|
|
|a 0874891884
|
| 035 |
|
|
|a (OCoLC)04904843
|
| 035 |
|
|
|9 AAJ1853AM
|
| 040 |
|
|
|a DLC
|c DLC
|d IUD
|d GTU
|d m.c.
|d TXA
|d UtOrBLW
|
| 049 |
|
|
|a TXAM
|c [1361531]
|
| 050 |
0 |
0 |
|a RB111
|b .S49
|
| 060 |
|
0 |
|a QZ 17 S644h 1979
|
| 082 |
0 |
|
|a 616.07/022/2
|
| 100 |
1 |
|
|a Smith, Chandler.
|
| 245 |
1 |
0 |
|a Human disease in color /
|c by Chandler Smith.
|
| 264 |
|
1 |
|a Oradell, N.J. :
|b Medical Economics Co., Book Division,
|c [1979]
|
| 264 |
|
4 |
|c ©1979
|
| 300 |
|
|
|a 320 pages :
|b color illustrations ;
|c 25 cm.
|
| 336 |
|
|
|a text
|b txt
|2 rdacontent
|
| 337 |
|
|
|a unmediated
|b n
|2 rdamedia
|
| 338 |
|
|
|a volume
|b nc
|2 rdacarrier
|
| 504 |
|
|
|a Includes bibliographical references.
|
| 650 |
|
0 |
|a Pathology
|x Case studies.
|
| 650 |
|
0 |
|a Pathology
|v Atlases.
|
| 650 |
|
2 |
|a Pathology
|x atlases.
|
| 999 |
|
|
|a MARS
|
| 999 |
f |
f |
|s 98cb4a16-3579-34fd-bc4c-f10e52af35ad
|i 445c9c01-a194-33e3-8cc6-5ad2676ed269
|t 0
|
| 952 |
f |
f |
|p ric
|a Texas A&M University
|b Rellis Campus
|c Joint Library Facility
|d Remote Storage
|t 0
|e RB111 .S49
|h Library of Congress classification
|i unmediated -- volume
|m A14809483171
|
| 998 |
f |
f |
|a RB111 .S49
|t 0
|l Remote Storage
|